000 00725nam a22002297a 4500
005 20250127103028.0
008 250127b |||||||| |||| 00| 0 eng d
020 _a978-1-265-20149-4
037 _cTB
040 _aCRL
_cCRL
041 _2eng
_aeng
084 _aS R4
_qCRL
100 _aFeldman, Robert S.
_9734823
245 _aEssentials of understanding psychology:
_b2024 release
260 _aNew York, USA:
_bMc Graw Hill,
_c2024
300 _axlviii, 580p.
365 _b50.99
_cUKP
650 _aPsychology
_9734824
653 _aPsychology
942 _2CC
_cTB
_hS R4
_n0
999 _c1238260
_d1238260